| Tag |
First Indicator |
Second Indicator |
Subfields |
| LEADER |
00000cam a2200000 4500 |
| 001 |
in00000059055 |
| 005 |
20151008051017.0 |
| 008 |
750514s1966 eng u |
| 010 |
|
|
|a 66017604
|
| 035 |
|
|
|a (OCoLC)01331915
|
| 035 |
|
|
|9 AAG4993AM
|
| 040 |
|
|
|c BPS
|d TXA
|d UtOrBLW
|
| 049 |
|
|
|a TXAM
|c [468795]
|
| 050 |
0 |
0 |
|a BS2705.3
|b .D5
|
| 082 |
0 |
|
|a 227.607
|
| 092 |
|
|
|a 227.6
|b D566t
|
| 100 |
1 |
|
|a Dietrich, Suzanne de.
|
| 245 |
1 |
0 |
|a Toward fullness of life ;
|b studies in the letter of Paul to the Philippians.
|
| 264 |
|
1 |
|a Philadelphia :
|b Westminster Press,
|c [1966]
|
| 300 |
|
|
|a 94 pages ;
|c 19 cm.
|
| 336 |
|
|
|a text
|b txt
|2 rdacontent
|
| 337 |
|
|
|a unmediated
|b n
|2 rdamedia
|
| 338 |
|
|
|a volume
|b nc
|2 rdacarrier
|
| 630 |
0 |
0 |
|a Bible.
|p Philippians
|x Commentaries.
|
| 999 |
|
|
|a MARS
|
| 999 |
f |
f |
|s 1d43f98e-aae5-31cc-95cb-c4f52a788ea4
|i 99dbcbe2-0564-342b-add8-0aa846ca1b6d
|t 0
|
| 952 |
f |
f |
|p ric
|a Texas A&M University
|b Rellis Campus
|c Joint Library Facility
|d Remote Storage
|t 0
|e BS2705.3 .D5
|h Library of Congress classification
|i unmediated -- volume
|m A14800604932
|
| 998 |
f |
f |
|a BS2705.3 .D5
|t 0
|l Remote Storage
|